American hotline : Intermediate-student book (Có kèm Cassete)

A clear, well-organized, and motivating series for teenagers.

Сохранить в:
Библиографические подробности
Главный автор: Hutchinson, Tom
Формат:
Язык:Undetermined
Опубликовано: Oxford Oxford University Press 1997
Предметы:
Метки: Добавить метку
Нет меток, Требуется 1-ая метка записи!
Thư viện lưu trữ: Trung tâm Học liệu Trường Đại học Cần Thơ
LEADER 00685nam a2200229Ia 4500
001 CTU_102077
008 210402s9999 xx 000 0 und d
020 |c 88500 
082 |a 428.24 
082 |b H975/Isb/Ca.1 
100 |a Hutchinson, Tom 
245 0 |a American hotline : 
245 0 |b Intermediate-student book (Có kèm Cassete) 
245 0 |c Tom Hutchinson 
260 |a Oxford 
260 |b Oxford University Press 
260 |c 1997 
520 |a A clear, well-organized, and motivating series for teenagers. 
650 |a English language 
650 |x Textbooks for foreign speakers 
904 |i Năm 
980 |a Trung tâm Học liệu Trường Đại học Cần Thơ